<Le> revenu minimum d'insertion dans la Communauté européenne.
ES má málo právnych a finančných prostriedkov, aby celkom odstránilo chudobu. Bilancia európskych experimentov v sociálnej oblasti. Otázka zaručeného minimálneho príjmu. Relatívna účinnosť sociálnej ochrany. Zaručený minimálny príjem v EHS. Úsilie o minimálny príjem v ES. Boj proti chudobe. (Informa...
Gespeichert in:
| 1. Verfasser: | |
|---|---|
| Format: | Buchkapitel |
| Sprache: | Französisch |
| Schlagworte: | |
| Tags: |
Keine Tags, Fügen Sie das erste Tag hinzu!
|
MARC
| LEADER | 00000naa a2200000 4500 | ||
|---|---|---|---|
| 001 | r008248 | ||
| 005 | 20220913125224.7 | ||
| 041 | 0 | |a fre | |
| 044 | |a FR | ||
| 245 | 1 | 0 | |a <Le> revenu minimum d'insertion dans la Communauté européenne. |c Ch. Euzeby |
| 520 | |a ES má málo právnych a finančných prostriedkov, aby celkom odstránilo chudobu. Bilancia európskych experimentov v sociálnej oblasti. Otázka zaručeného minimálneho príjmu. Relatívna účinnosť sociálnej ochrany. Zaručený minimálny príjem v EHS. Úsilie o minimálny príjem v ES. Boj proti chudobe. (Informations sociales 1991, č.16-17). | ||
| 610 | 2 | 0 | |a príjmy obyvateľstva |
| 610 | 2 | 0 | |a Európske spoločenstvá |
| 610 | 2 | 0 | |a starostlivosť sociálna |
| 610 | 2 | 0 | |a politika sociálna |
| 610 | 2 | 0 | |a západná Európa |
| 100 | 1 | |a Euzeby, Ch. | |